[Event "Komi-ch"]
[Site "Vorkuta"]
[Date "2013.02.22"]
[Round "7"]
[White "Pahomov, Aleksandr"]
[Black "Kirillov, Vitaly"]
[Result "0-1"]
[WhiteElo "1946"]
[BlackElo "2151"]
[PlyCount "60"]
[EventDate "2013.02.16"]
[EventType "swiss"]
[EventRounds "9"]
[EventCountry "RUS"]
[SourceTitle "CBM 153 Extra"]
[Source "ChessBase"]
[SourceDate "2013.04.22"]
[SourceVersion "1"]
[SourceVersionDate "2013.04.22"]
[SourceQuality "1"]

1. d4 Nf6 2. Nf3 e6 3. c4 b6 4. g3 Bb7 5. Bg2 Bb4+ 6. Bd2 Bxd2+ 7. Qxd2 0-0 8. Nc3 Qe7 9. 0-0 d6 10. Rfe1 Ne4 11. Qc2 Nxc3 12. Qxc3 f5 13. Nh4 Bxg2 14. Nxg2 e5 15. dxe5 Qxe5 16. Qxe5 dxe5 17. e4 Nc6 18. Rad1 Nd4 19. Re3 Rad8 20. Kf1 Nc2 21. Red3 Rxd3 22. Rxd3 fxe4 23. Rd7 e3 24. f4 exf4 25. gxf4 g5 26. Ke2 gxf4 27. Nh4 c5 28. Nf3 Nd4+ 29. Nxd4 cxd4 30. Kf3 Re8 0-1

[Event "Komi-ch"]
[Site "Vorkuta"]
[Date "2013.02.19"]
[Round "4"]
[White "Semyashkin, Evgeny"]
[Black "Kirillov, Vitaly"]
[Result "1/2-1/2"]
[WhiteElo "2029"]
[BlackElo "2151"]
[PlyCount "116"]
[EventDate "2013.02.16"]
[EventType "swiss"]
[EventRounds "9"]
[EventCountry "RUS"]
[SourceTitle "CBM 153 Extra"]
[Source "ChessBase"]
[SourceDate "2013.04.22"]
[SourceVersion "1"]
[SourceVersionDate "2013.04.22"]
[SourceQuality "1"]

1. c4 c5 2. Nf3 Nf6 3. d4 cxd4 4. Nxd4 g6 5. Nc3 Bg7 6. e4 d6 7. Be2 0-0 8. 0-0 a6 9. Be3 Nc6 10. Rc1 Ne5 11. f3 Be6 12. b3 Qa5 13. Qd2 Rfd8 14. Rfd1 Rac8 15. Kh1 Nc6 16. g4 Nxd4 17. Bxd4 Nd7 18. Nd5 Qxd2 19. Nxe7+ Kf8 20. Bxg7+ Kxe7 21. Rxd2 f6 22. g5 fxg5 23. Bb2 Ne5 24. Rcd1 Nf7 25. Ba3 Rc6 26. Kg2 Rd7 27. Kg3 Rd8 28. Bf1 Rd7 29. Bh3 Bxh3 30. Kxh3 Ne5 31. Kg3 Ke6 32. Rd5 Nf7 33. R1d2 b6 34. Rd1 Rd8 35. Bb2 Re8 36. Bc1 h6 37. a4 Rb8 38. Ba3 Rb7 39. h4 gxh4+ 40. Kxh4 Rb8 41. f4 g5+ 42. Kh5 gxf4 43. Rf1 Rg8 44. Rxf4 Rg5+ 45. Rxg5 hxg5 46. Rf5 g4 47. Bb2 g3 48. Rf6+ Ke7 49. Rg6 b5 50. axb5 axb5 51. cxb5 Rc5+ 52. Kh4 Rxb5 53. Rxg3 Rb4 54. Re3 Ke6 55. Kg3 d5 56. exd5+ Kxd5 57. Kf3 Ng5+ 58. Ke2 Re4 1/2-1/2

[Event "Komi-ch"]
[Site "Vorkuta"]
[Date "2013.02.17"]
[Round "2"]
[White "Orlovtsev, Alexander"]
[Black "Kirillov, Vitaly"]
[Result "0-1"]
[WhiteElo "1987"]
[BlackElo "2151"]
[PlyCount "84"]
[EventDate "2013.02.16"]
[EventType "swiss"]
[EventRounds "9"]
[EventCountry "RUS"]
[SourceTitle "CBM 153 Extra"]
[Source "ChessBase"]
[SourceDate "2013.04.22"]
[SourceVersion "1"]
[SourceVersionDate "2013.04.22"]
[SourceQuality "1"]

1. e4 c5 2. Nf3 Nc6 3. Bb5 Nf6 4. Nc3 a6 5. Bxc6 bxc6 6. 0-0 Qc7 7. Re1 e5 8. d3 h6 9. h3 Be7 10. Ne2 d6 11. Ng3 Be6 12. b3 0-0 13. Qe2 Kh8 14. Nh2 Qd7 15. f4 exf4 16. Bxf4 Ng8 17. Rf1 Rae8 18. Rae1 Bf6 19. Qf3 Bd4+ 20. Be3 Be5 21. Nf5 g6 22. g4 Qd8 23. Ng3 Qh4 24. Kg2 f5 25. gxf5 gxf5 26. Nxf5 Rxf5 27. Qg4 Qxg4+ 28. Nxg4 Rxf1 29. Rxf1 Bxg4 30. hxg4 Kg7 31. Bd2 Rf8 32. Rxf8 Kxf8 33. Kh3 Kf7 34. Kg2 Kg6 35. Kf3 Nf6 36. Be1 Nd7 37. Bd2 Nf8 38. Be3 Ne6 39. Kg2 Nd4 40. c3 Ne2 41. b4 cxb4 42. cxb4 Nf4+ 0-1